[Event "European Online Club-ch-G 2021"]
[Site "Online"]
[Date "2021.03.27"]
[Round "2.17"]
[White "Grachev, Boris"]
[Black "Jobava, Baadur"]
[Result "1/2-1/2"]
[WhiteElo "2619"]
[BlackElo "2603"]
[Annotator "ChessBase"]
[PlyCount "99"]
[EventDate "2021.03.27"]
[EventType "team-tourn"]
[EventCountry "NET"]
[SourceTitle "playchess.com"]
[Source "ChessBase"]
[SourceQuality "1"]
[TimeControl "900+5"]

1. d4 {[%emt 0:00:00]} d5 {[%emt 0:00:43]} 2. Bf4 {[%emt 0:00:06]} Nf6 {[%emt 0:00:03]} 3. e3 {[%emt 0:00:02]} c6 {[%emt 0:00:12]} 4. c4 {[%emt 0:00:02]} Bf5 {[%emt 0:00:19]} 5. Nc3 {[%emt 0:00:03]} e6 {[%emt 0:00:03]} 6. Qb3 {[%emt 0:00:02]} Qc8 {[%emt 0:00:03]} 7. Rc1 {[%emt 0:00:04]} Be7 {[%emt 0:00:10]} 8. h3 {[%emt 0:00:23]} O-O {[%emt 0:00:09]} 9. Nf3 {[%emt 0:00:01]} h6 {[%emt 0:00:17]} 10. Be2 {[%emt 0:00:03]} Nbd7 {[%emt 0:00:07]} 11. O-O {[%emt 0:00:09]} Nb6 {[%emt 0:02:04]} 12. Ne5 {[%emt 0:01:15]} Re8 {[%emt 0:01:02]} 13. a4 {[%emt 0:00:53]} dxc4 {[%emt 0:01:09]} 14. Nxc4 {[%emt 0:00:05]} Nxc4 {[%emt 0:00:06]} 15. Bxc4 {[%emt 0:00:12]} Qd7 {[%emt 0:01:11]} 16. a5 {[%emt 0:00:34]} Ne4 {[%emt 0:04:52]} 17. Rfd1 {[%emt 0:00:19]} Bh4 {[%emt 0:00:56]} 18. Nxe4 {[%emt 0:00:11]} Bxe4 {[%emt 0:00:02]} 19. Bd3 {[%emt 0:01:04]} Bxd3 {[%emt 0:00:05]} 20. Rxd3 {[%emt 0:00:09]} a6 {[%emt 0:00:04]} 21. Be5 {[%emt 0:00:40]} Bd8 {[%emt 0:00:18]} 22. e4 {[%emt 0:01:02]} f6 {[%emt 0:00:22]} 23. Bg3 {[%emt 0:00:06]} Bxa5 {[%emt 0:00:03]} 24. d5 {[%emt 0:00:16]} cxd5 {[%emt 0:00:18]} 25. exd5 {[%emt 0:00:17]} e5 {[%emt 0:00:40]} 26. d6+ {[%emt 0:00:35]} Kh8 {[%emt 0:00:10]} 27. Qd5 {[%emt 0:00:05]} Bd8 {[%emt 0:00:34]} 28. f3 {[%emt 0:00:17]} Bb6+ {[%emt 0:00:38]} 29. Kh2 {[%emt 0:02:55]} Rac8 {[%emt 0:00:08]} 30. Rcc3 {[%emt 0:00:13]} Bd4 {[%emt 0:00:10]} 31. Rxc8 {[%emt 0:00:48]} Rxc8 {[%emt 0:00:00]} 32. f4 {[%emt 0:00:01]} Rc5 {[%emt 0:00:32]} 33. Rxd4 {[%emt 0:01:47]} Rxd5 {[%emt 0:00:02]} 34. Rxd5 {[%emt 0:00:01]} exf4 {[%emt 0:00:01]} 35. Bxf4 {[%emt 0:00:02]} g5 {[%emt 0:00:08]} 36. Bg3 {[%emt 0:00:10]} f5 {[%emt 0:00:02]} 37. Be5+ {[%emt 0:00:21]} Kg8 {[%emt 0:00:01]} 38. Rc5 {[%emt 0:00:22]} Qe6 {[%emt 0:00:02]} 39. Kh1 {[%emt 0:00:13]} b6 {[%emt 0:00:15]} 40. Rc7 {[%emt 0:00:44]} Qxe5 {[%emt 0:00:03]} 41. Rc8+ {[%emt 0:00:02]} Kf7 {[%emt 0:00:02]} 42. d7 {[%emt 0:00:01]} Qe1+ {[%emt 0:00:02]} 43. Kh2 {[%emt 0:00:01]} Qe5+ {[%emt 0:00:03]} 44. Kh1 {[%emt 0:00:03]} g4 {[%emt 0:00:13]} 45. hxg4 {[%emt 0:00:07]} Qe1+ {[%emt 0:00:02]} 46. Kh2 {[%emt 0:00:02]} Qh4+ {[%emt 0:00:05]} 47. Kg1 {[%emt 0:00:02]} Qe1+ {[%emt 0:00:08]} 48. Kh2 {[%emt 0:00:01]} Qh4+ {[%emt 0:00:12]} 49. Kg1 {[%emt 0:00:02]} Qe1+ {[%emt 0:00:00]} 50. Kh2 {[%emt 0:00:02]} 1/2-1/2

[Event "European Online Club-ch-G 2021"]
[Site "Online"]
[Date "2021.03.27"]
[Round "2.18"]
[White "Dreev, Aleksey"]
[Black "Motylev, Alexander"]
[Result "1/2-1/2"]
[WhiteElo "2647"]
[BlackElo "2641"]
[Annotator "ChessBase"]
[PlyCount "34"]
[EventDate "2021.03.27"]
[EventType "team-tourn"]
[EventCountry "NET"]
[SourceTitle "playchess.com"]
[Source "ChessBase"]
[SourceQuality "1"]
[TimeControl "900+5"]

1. d4 {[%emt 0:00:00]} d5 {[%emt 0:00:04]} 2. c4 {[%emt 0:00:03]} c6 {[%emt 0:00:02]} 3. cxd5 {[%emt 0:00:26]} cxd5 {[%emt 0:00:02]} 4. Bf4 {[%emt 0:00:04]} Nc6 {[%emt 0:00:06]} 5. e3 {[%emt 0:00:03]} Nf6 {[%emt 0:00:04]} 6. Nc3 {[%emt 0:00:26]} a6 {[%emt 0:00:02]} 7. Bd3 {[%emt 0:00:09]} Bg4 {[%emt 0:00:06]} 8. Nge2 {[%emt 0:00:25]} e6 {[%emt 0:00:07]} 9. h3 {[%emt 0:00:02]} Bh5 {[%emt 0:00:03]} 10. O-O {[%emt 0:00:03]} Bd6 {[%emt 0:00:16]} 11. Qd2 {[%emt 0:00:05]} Bg6 {[%emt 0:00:09]} 12. Rac1 {[%emt 0:00:15]} O-O {[%emt 0:00:02]} 13. Bxg6 {[%emt 0:00:03]} hxg6 {[%emt 0:00:03]} 14. Rc2 {[%emt 0:00:15]} Nb4 {[%emt 0:00:16]} 15. Rcc1 {[%emt 0:00:02]} Nc6 {[%emt 0:00:01]} 16. Rc2 {[%emt 0:00:02]} Nb4 {[%emt 0:00:01]} 17. Rcc1 {[%emt 0:00:02]} Nc6 {[%emt 0:00:02]} 1/2-1/2

[Event "European Online Club-ch-G 2021"]
[Site "Online"]
[Date "2021.03.27"]
[Round "2.19"]
[White "Najer, Evgeniy"]
[Black "Piorun, Kacper"]
[Result "0-1"]
[WhiteElo "2648"]
[BlackElo "2615"]
[Annotator "TA"]
[PlyCount "66"]
[EventDate "2021.03.27"]
[EventType "team-tourn"]
[EventCountry "NET"]
[SourceTitle "playchess.com"]
[Source "ChessBase"]
[SourceQuality "1"]

{[%evp 16,66,58,33,64,25,23,0,0,0,0,-5,0,-10,-3,-7,0,-6,0,-10,6,5,0,8,26,25,25,18,27,25,27,22,27,28,23,-42,-44,-44,0,-47,-52,-51,-33,-32,-33,-35,-15,-15,-15,-129,-129,-129,-122]} 1. d4 Nf6 2. c4 g6 3. Nc3 Bg7 4. e4 d6 5. Be2 O-O 6. Nf3 e5 7. O-O Nc6 8. d5 Ne7 9. b4 a6 {E97: King's Indian: Classical Main Line (6...e5 7 0-0 Nc6): 8 Be3 and 8 d5 Ne7, not 9 Ne1.} 10. c5 {[#]} c6 $146 {Threatening ...cxd5.} ({Predecessor:} 10... h6 11. Nd2 a5 12. cxd6 cxd6 13. bxa5 Qxa5 14. Qb3 Bd7 15. Nc4 Qc7 16. Be3 b5 {1-0 (30) Antic,D (2459)-Lazic,L (2186) Belgrade 2017}) 11. dxc6 (11. Bg5 {is more complex.} h6 12. Bxf6 Bxf6 13. Rc1 cxd5 14. exd5 Bf5 15. Re1) 11... dxc5 {The position is equal.} 12. cxb7 ({Much worse is} 12. Nxe5 Qxd1 13. Rxd1 cxb4 $15) 12... Bxb7 {Strongly threatening ...Qxd1.} 13. bxc5 Nxe4 14. Nxe4 Bxe4 15. Bg5 {[#] Qxd8 is the strong threat.} f6 16. Be3 Bd5 17. Qa4 Qe8 (17... Kh8 {keeps more tension.} 18. Rfd1 Qc7 19. Rac1 Bc6 20. Qa3 Nf5) 18. Qxe8 Rfxe8 19. Rfd1 {Hoping for Rxd5!} Bf7 20. Nd2 Nd5 21. Ne4 Nxe3 22. fxe3 Rec8 23. Nd6 Rxc5 24. Nxf7 Kxf7 25. Rac1 (25. Rd7+ $11 Kg8 26. Rb1) 25... Bf8 $15 26. Kf2 Ke6 27. Rxc5 (27. Bc4+ {is interesting.} Kf5 28. h4 e4 29. Kg3 Re8 30. Kh3) 27... Bxc5 $11 {[%mdl 4096] Endgame KRB-KRB} 28. Bc4+ Ke7 29. Rd5 Bb6 30. Kf3 h5 31. h3 h4 32. Bb3 (32. a4 $11 {remains equal.}) 32... Rc8 $17 33. Ke2 e4 {Weighted Error Value: White=0.20/Black=0.07} 0-1

[Event "European Online Club-ch-G 2021"]
[Site "Online"]
[Date "2021.03.27"]
[Round "2.20"]
[White "Shchekachev, Andrei"]
[Black "Murzin, Volodar"]
[Result "1/2-1/2"]
[WhiteElo "2515"]
[BlackElo "2478"]
[Annotator "ChessBase"]
[PlyCount "83"]
[EventDate "2021.03.27"]
[EventType "team-tourn"]
[EventCountry "NET"]
[SourceTitle "playchess.com"]
[Source "ChessBase"]
[SourceQuality "1"]
[TimeControl "900+5"]

1. Nf3 {[%emt 0:00:00]} Nf6 {[%emt 0:00:21]} 2. c4 {[%emt 0:00:05]} g6 {[%emt 0:00:02]} 3. Nc3 {[%emt 0:00:03]} Bg7 {[%emt 0:00:06]} 4. e4 {[%emt 0:00:03]} d6 {[%emt 0:00:02]} 5. d4 {[%emt 0:00:02]} O-O {[%emt 0:00:02]} 6. Be2 {[%emt 0:00:02]} e5 {[%emt 0:00:06]} 7. d5 {[%emt 0:00:02]} a5 {[%emt 0:01:05]} 8. Bg5 {[%emt 0:00:04]} h6 {[%emt 0:00:03]} 9. Be3 {[%emt 0:00:04]} Ng4 {[%emt 0:01:11]} 10. Bd2 {[%emt 0:00:02]} f5 {[%emt 0:00:03]} 11. h3 {[%emt 0:00:04]} Nf6 {[%emt 0:00:02]} 12. exf5 {[%emt 0:00:02]} gxf5 {[%emt 0:00:22]} 13. Qc1 {[%emt 0:00:03]} Kh7 {[%emt 0:00:06]} 14. g4 {[%emt 0:00:04]} Na6 {[%emt 0:00:53]} 15. g5 {[%emt 0:01:09]} Ne4 {[%emt 0:03:00]} 16. gxh6 {[%emt 0:01:20]} Nxd2 {[%emt 0:00:37]} 17. hxg7 {[%emt 0:00:04]} Nxf3+ {[%emt 0:00:01]} 18. Bxf3 {[%emt 0:00:03]} Rg8 {[%emt 0:00:03]} 19. Rg1 {[%emt 0:02:30]} Nc5 {[%emt 0:00:50]} 20. Qd2 {[%emt 0:00:28]} Qf6 {[%emt 0:03:05]} 21. h4 {[%emt 0:02:29]} Rxg7 {[%emt 0:01:16]} 22. Rg5 {[%emt 0:00:05]} Rxg5 {[%emt 0:00:46]} 23. hxg5 {[%emt 0:00:05]} Qg6 {[%emt 0:00:03]} 24. O-O-O {[%emt 0:02:45]} Kg7 {[%emt 0:00:15]} 25. Nb5 {[%emt 0:01:06]} f4 {[%emt 0:01:27]} 26. Nxc7 {[%emt 0:00:05]} Bf5 {[%emt 0:00:05]} 27. Ne6+ {[%emt 0:01:12]} Nxe6 {[%emt 0:00:22]} 28. dxe6 {[%emt 0:00:03]} Qxe6 {[%emt 0:00:02]} 29. Bd5 {[%emt 0:00:53]} Qd7 {[%emt 0:00:38]} 30. Rh1 {[%emt 0:00:25]} Qc7 {[%emt 0:00:25]} 31. f3 {[%emt 0:00:40]} Rh8 {[%emt 0:00:03]} 32. Rxh8 {[%emt 0:00:04]} Kxh8 {[%emt 0:00:01]} 33. Qh2+ {[%emt 0:00:02]} Qh7 {[%emt 0:00:02]} 34. Qxh7+ {[%emt 0:00:03]} Kxh7 {[%emt 0:00:01]} 35. Bxb7 {[%emt 0:00:02]} Kg6 {[%emt 0:00:01]} 36. a4 {[%emt 0:00:56]} Bd3 {[%emt 0:00:13]} 37. b3 {[%emt 0:00:36]} Kxg5 {[%emt 0:00:03]} 38. Kd2 {[%emt 0:00:01]} Bf1 {[%emt 0:00:02]} 39. Ke1 {[%emt 0:00:02]} Bd3 {[%emt 0:00:02]} 40. Kd2 {[%emt 0:00:02]} Bf1 {[%emt 0:00:02]} 41. Ke1 {[%emt 0:00:02]} Bd3 {[%emt 0:00:01]} 42. Kd2 {[%emt 0:00:02]} 1/2-1/2

[Event "European Online Club-ch-G 2021"]
[Site "Online"]
[Date "2021.03.27"]
[Round "3.1"]
[White "Jobava, Baadur"]
[Black "Altun, Arda"]
[Result "0-1"]
[WhiteElo "2603"]
[BlackElo "2074"]
[Annotator "ChessBase"]
[PlyCount "68"]
[EventDate "2021.03.27"]
[EventType "team-tourn"]
[EventCountry "NET"]
[SourceTitle "playchess.com"]
[Source "ChessBase"]
[SourceQuality "1"]
[TimeControl "900+5"]

1. e4 {[%emt 0:00:00]} c6 {[%emt 0:00:03]} 2. d4 {[%emt 0:00:09]} d5 {[%emt 0:00:03]} 3. Nd2 {[%emt 0:00:01]} dxe4 {[%emt 0:00:07]} 4. Nxe4 {[%emt 0:00:00]} Bf5 {[%emt 0:00:26]} 5. Ng3 {[%emt 0:00:03]} Bg6 {[%emt 0:00:03]} 6. h4 {[%emt 0:00:02]} h6 {[%emt 0:00:04]} 7. Nf3 {[%emt 0:00:01]} Nd7 {[%emt 0:00:03]} 8. h5 {[%emt 0:00:01]} Bh7 {[%emt 0:00:09]} 9. Bd3 {[%emt 0:00:01]} Bxd3 {[%emt 0:00:02]} 10. Qxd3 {[%emt 0:00:00]} e6 {[%emt 0:00:01]} 11. Bd2 {[%emt 0:00:01]} Ngf6 {[%emt 0:00:02]} 12. O-O-O {[%emt 0:00:02]} Be7 {[%emt 0:00:01]} 13. Qe2 {[%emt 0:00:02]} O-O {[%emt 0:00:11]} 14. Kb1 {[%emt 0:00:01]} c5 {[%emt 0:00:33]} 15. d5 {[%emt 0:00:04]} Nxd5 {[%emt 0:00:23]} 16. Ne4 {[%emt 0:00:04]} N7f6 {[%emt 0:00:16]} 17. g4 {[%emt 0:01:56]} Nxg4 {[%emt 0:01:46]} 18. c4 {[%emt 0:06:23]} Ndf6 {[%emt 0:01:49]} 19. Nxf6+ {[%emt 0:02:15]} Bxf6 {[%emt 0:00:16]} 20. Rhg1 {[%emt 0:00:27]} Qb6 {[%emt 0:01:01]} 21. Bc1 {[%emt 0:00:15]} Nxf2 {[%emt 0:00:28]} 22. Qxf2 {[%emt 0:00:04]} Rad8 {[%emt 0:00:16]} 23. Rde1 {[%emt 0:02:11]} Kh8 {[%emt 0:01:08]} 24. Ne5 {[%emt 0:00:15]} Qd6 {[%emt 0:00:33]} 25. Bf4 {[%emt 0:00:07]} Bxe5 {[%emt 0:02:48]} 26. Bxe5 {[%emt 0:00:10]} Qd3+ {[%emt 0:00:04]} 27. Qc2 {[%emt 0:01:11]} f6 {[%emt 0:00:22]} 28. Bc3 {[%emt 0:00:48]} e5 {[%emt 0:00:32]} 29. Rg4 {[%emt 0:00:18]} Rf7 {[%emt 0:01:22]} 30. a4 {[%emt 0:00:03]} b6 {[%emt 0:00:19]} 31. Reg1 {[%emt 0:00:06]} Re7 {[%emt 0:00:39]} 32. a5 {[%emt 0:00:22]} e4 {[%emt 0:01:06]} 33. Qxd3 {[%emt 0:00:16]} Rxd3 {[%emt 0:00:16]} 34. Kc2 {[%emt 0:00:03]} Rh3 {[%emt 0:00:11]} 0-1

[Event "European Online Club-ch-G 2021"]
[Site "Online"]
[Date "2021.03.27"]
[Round "3.2"]
[White "Danaci, Ege"]
[Black "Dreev, Aleksey"]
[Result "0-1"]
[WhiteElo "1996"]
[BlackElo "2647"]
[Annotator "ChessBase"]
[PlyCount "86"]
[EventDate "2021.03.27"]
[EventType "team-tourn"]
[EventCountry "NET"]
[SourceTitle "playchess.com"]
[Source "ChessBase"]
[SourceQuality "1"]
[TimeControl "900+5"]

1. e4 {[%emt 0:00:00]} c6 {[%emt 0:00:09]} 2. Nc3 {[%emt 0:00:02]} d5 {[%emt 0:00:03]} 3. Nf3 {[%emt 0:00:02]} Bg4 {[%emt 0:00:02]} 4. h3 {[%emt 0:00:02]} Bxf3 {[%emt 0:00:02]} 5. Qxf3 {[%emt 0:00:01]} e6 {[%emt 0:00:00]} 6. d3 {[%emt 0:00:19]} Nd7 {[%emt 0:00:19]} 7. Be2 {[%emt 0:00:04]} Bc5 {[%emt 0:00:23]} 8. Qg3 {[%emt 0:01:15]} Bd4 {[%emt 0:00:17]} 9. O-O {[%emt 0:00:20]} Ne7 {[%emt 0:00:22]} 10. Nd1 {[%emt 0:01:09]} O-O {[%emt 0:00:13]} 11. c3 {[%emt 0:00:08]} Bf6 {[%emt 0:00:02]} 12. Bg5 {[%emt 0:00:37]} Bxg5 {[%emt 0:00:22]} 13. Qxg5 {[%emt 0:00:04]} Ng6 {[%emt 0:00:02]} 14. Qg3 {[%emt 0:00:16]} a5 {[%emt 0:01:43]} 15. exd5 {[%emt 0:00:49]} exd5 {[%emt 0:00:18]} 16. d4 {[%emt 0:00:04]} Nf6 {[%emt 0:00:05]} 17. Bd3 {[%emt 0:00:18]} Nh5 {[%emt 0:00:34]} 18. Qf3 {[%emt 0:00:20]} Nhf4 {[%emt 0:00:17]} 19. Bf5 {[%emt 0:00:48]} Qg5 {[%emt 0:00:32]} 20. Bxg6 {[%emt 0:00:56]} fxg6 {[%emt 0:00:17]} 21. Qg4 {[%emt 0:01:12]} Qxg4 {[%emt 0:00:05]} 22. hxg4 {[%emt 0:00:03]} Rae8 {[%emt 0:00:09]} 23. Ne3 {[%emt 0:00:11]} Nd3 {[%emt 0:00:13]} 24. Rab1 {[%emt 0:02:24]} Nxf2 {[%emt 0:00:22]} 25. Rxf2 {[%emt 0:00:20]} Rxe3 {[%emt 0:00:09]} 26. Rxf8+ {[%emt 0:00:05]} Kxf8 {[%emt 0:00:02]} 27. Kf2 {[%emt 0:00:01]} Rd3 {[%emt 0:01:46]} 28. g5 {[%emt 0:01:03]} Rd2+ {[%emt 0:00:06]} 29. Kf3 {[%emt 0:00:02]} a4 {[%emt 0:00:14]} 30. g4 {[%emt 0:00:57]} b5 {[%emt 0:00:06]} 31. Ke3 {[%emt 0:00:59]} Rg2 {[%emt 0:00:12]} 32. Kf3 {[%emt 0:00:03]} Rc2 {[%emt 0:00:02]} 33. a3 {[%emt 0:00:13]} h6 {[%emt 0:00:24]} 34. Kf4 {[%emt 0:00:44]} Kf7 {[%emt 0:01:17]} 35. Ke5 {[%emt 0:00:36]} Ke7 {[%emt 0:00:03]} 36. gxh6 {[%emt 0:00:03]} gxh6 {[%emt 0:00:05]} 37. Rh1 {[%emt 0:00:02]} Rxb2 {[%emt 0:00:58]} 38. Rxh6 {[%emt 0:00:04]} Re2+ {[%emt 0:00:01]} 39. Kf4 {[%emt 0:00:03]} Kf6 {[%emt 0:00:05]} 40. Rh7 {[%emt 0:00:18]} Re4+ {[%emt 0:00:16]} 41. Kf3 {[%emt 0:00:05]} Kg5 {[%emt 0:00:01]} 42. Rc7 {[%emt 0:00:29]} Rf4+ {[%emt 0:00:18]} 43. Ke3 {[%emt 0:00:02]} Rf6 {[%emt 0:00:03]} 0-1

[Event "European Online Club-ch-G 2021"]
[Site "Online"]
[Date "2021.03.27"]
[Round "3.3"]
[White "Piorun, Kacper"]
[Black "Yildirim, Ibrahim Halil"]
[Result "1-0"]
[WhiteElo "2615"]
[BlackElo "1783"]
[Annotator "ChessBase"]
[PlyCount "113"]
[EventDate "2021.03.27"]
[EventType "team-tourn"]
[EventCountry "NET"]
[SourceTitle "playchess.com"]
[Source "ChessBase"]
[SourceQuality "1"]
[TimeControl "900+5"]

1. d4 {[%emt 0:00:00]} d5 {[%emt 0:00:03]} 2. Bf4 {[%emt 0:00:03]} Nf6 {[%emt 0:00:01]} 3. e3 {[%emt 0:00:01]} c5 {[%emt 0:00:03]} 4. c3 {[%emt 0:00:04]} e6 {[%emt 0:00:09]} 5. Bd3 {[%emt 0:00:05]} Bd6 {[%emt 0:00:02]} 6. Bg3 {[%emt 0:00:02]} O-O {[%emt 0:00:07]} 7. Nf3 {[%emt 0:00:02]} b6 {[%emt 0:00:10]} 8. Qe2 {[%emt 0:00:09]} Bb7 {[%emt 0:00:09]} 9. Nbd2 {[%emt 0:00:04]} Ne4 {[%emt 0:00:22]} 10. Rd1 {[%emt 0:01:04]} Qc7 {[%emt 0:00:51]} 11. Bxe4 {[%emt 0:01:07]} dxe4 {[%emt 0:00:10]} 12. Ng5 {[%emt 0:00:02]} h6 {[%emt 0:03:01]} 13. Ngxe4 {[%emt 0:00:23]} Bxg3 {[%emt 0:00:14]} 14. Nxg3 {[%emt 0:00:02]} Bxg2 {[%emt 0:01:03]} 15. Rg1 {[%emt 0:00:04]} Bb7 {[%emt 0:00:10]} 16. Nh5 {[%emt 0:00:51]} g6 {[%emt 0:00:06]} 17. Qg4 {[%emt 0:01:30]} Nd7 {[%emt 0:01:23]} 18. Nf4 {[%emt 0:00:27]} Nf6 {[%emt 0:01:39]} 19. Qh4 {[%emt 0:00:03]} Nd5 {[%emt 0:01:40]} 20. Nxd5 {[%emt 0:01:01]} exd5 {[%emt 0:00:17]} 21. Qxh6 {[%emt 0:00:04]} cxd4 {[%emt 0:00:01]} 22. cxd4 {[%emt 0:00:22]} Qc6 {[%emt 0:01:28]} 23. h4 {[%emt 0:02:04]} Ba6 {[%emt 0:00:25]} 24. f3 {[%emt 0:01:54]} Qb5 {[%emt 0:00:58]} 25. Rg2 {[%emt 0:00:10]} Rfe8 {[%emt 0:00:15]} 26. Rf2 {[%emt 0:01:56]} Rxe3+ {[%emt 0:01:58]} 27. Qxe3 {[%emt 0:00:04]} Re8 {[%emt 0:00:01]} 28. Ne4 {[%emt 0:00:01]} dxe4 {[%emt 0:00:02]} 29. fxe4 {[%emt 0:00:15]} Qa5+ {[%emt 0:00:19]} 30. Rdd2 {[%emt 0:01:07]} Rc8 {[%emt 0:00:12]} 31. Kd1 {[%emt 0:00:39]} Qxa2 {[%emt 0:00:04]} 32. Rc2 {[%emt 0:00:08]} Qb1+ {[%emt 0:00:11]} 33. Qc1 {[%emt 0:00:02]} Qxc1+ {[%emt 0:00:02]} 34. Kxc1 {[%emt 0:00:02]} Rd8 {[%emt 0:00:02]} 35. Rfd2 {[%emt 0:00:04]} Re8 {[%emt 0:00:02]} 36. e5 {[%emt 0:00:06]} Re7 {[%emt 0:00:07]} 37. Rc3 {[%emt 0:00:08]} Bb7 {[%emt 0:00:10]} 38. d5 {[%emt 0:00:10]} Rxe5 {[%emt 0:00:04]} 39. d6 {[%emt 0:00:01]} Re8 {[%emt 0:00:05]} 40. d7 {[%emt 0:00:02]} Rd8 {[%emt 0:00:01]} 41. Rc7 {[%emt 0:00:03]} Ba6 {[%emt 0:00:03]} 42. Rxa7 {[%emt 0:00:04]} Bb5 {[%emt 0:00:01]} 43. Rd5 {[%emt 0:00:32]} Bc6 {[%emt 0:00:06]} 44. Rd6 {[%emt 0:00:01]} Bb5 {[%emt 0:00:04]} 45. Kd2 {[%emt 0:00:11]} Kf8 {[%emt 0:00:03]} 46. Rxb6 {[%emt 0:00:02]} Bxd7 {[%emt 0:00:13]} 47. Rd6 {[%emt 0:00:02]} Ke7 {[%emt 0:00:03]} 48. Rd4 {[%emt 0:00:02]} Ke8 {[%emt 0:00:03]} 49. b4 {[%emt 0:00:04]} Be6 {[%emt 0:00:03]} 50. Rxd8+ {[%emt 0:00:01]} Kxd8 {[%emt 0:00:01]} 51. Ke3 {[%emt 0:00:01]} Kc8 {[%emt 0:00:01]} 52. Kd4 {[%emt 0:00:02]} Kb8 {[%emt 0:00:01]} 53. Re7 {[%emt 0:00:02]} Bb3 {[%emt 0:00:06]} 54. Ke5 {[%emt 0:00:02]} Kc8 {[%emt 0:00:03]} 55. Kf6 {[%emt 0:00:03]} Kd8 {[%emt 0:00:02]} 56. Rxf7 {[%emt 0:00:01]} Bxf7 {[%emt 0:00:02]} 57. Kxf7 {[%emt 0:00:02]} 1-0

[Event "European Online Club-ch-G 2021"]
[Site "Online"]
[Date "2021.03.27"]
[Round "3.4"]
[White "Ozata, Doruk"]
[Black "Shchekachev, Andrei"]
[Result "0-1"]
[WhiteElo "1646"]
[BlackElo "2515"]
[Annotator "ChessBase"]
[PlyCount "46"]
[EventDate "2021.03.27"]
[EventType "team-tourn"]
[EventCountry "NET"]
[SourceTitle "playchess.com"]
[Source "ChessBase"]
[SourceQuality "1"]
[TimeControl "900+5"]

1. e4 {[%emt 0:00:00]} Nc6 {[%emt 0:00:04]} 2. d4 {[%emt 0:00:07]} d6 {[%emt 0:00:02]} 3. Nc3 {[%emt 0:00:16]} g6 {[%emt 0:00:19]} 4. Nf3 {[%emt 0:00:04]} Nf6 {[%emt 0:00:08]} 5. h3 {[%emt 0:00:04]} Bg7 {[%emt 0:00:04]} 6. Be2 {[%emt 0:00:03]} O-O {[%emt 0:00:04]} 7. O-O {[%emt 0:00:05]} a6 {[%emt 0:00:03]} 8. Be3 {[%emt 0:00:04]} e5 {[%emt 0:00:13]} 9. Qd2 {[%emt 0:00:42]} Re8 {[%emt 0:00:44]} 10. dxe5 {[%emt 0:00:20]} dxe5 {[%emt 0:00:04]} 11. Rad1 {[%emt 0:00:05]} Qxd2 {[%emt 0:00:55]} 12. Rxd2 {[%emt 0:00:03]} h6 {[%emt 0:00:02]} 13. Rfd1 {[%emt 0:00:03]} Be6 {[%emt 0:00:29]} 14. a4 {[%emt 0:00:55]} Rac8 {[%emt 0:00:26]} 15. Kh2 {[%emt 0:01:20]} Bf8 {[%emt 0:00:07]} 16. g3 {[%emt 0:00:10]} Kh7 {[%emt 0:00:29]} 17. Ne1 {[%emt 0:00:17]} Nd4 {[%emt 0:01:22]} 18. Kg2 {[%emt 0:00:45]} Nxe2 {[%emt 0:00:46]} 19. Nxe2 {[%emt 0:00:04]} Nxe4 {[%emt 0:00:08]} 20. Rd3 {[%emt 0:00:15]} Bc4 {[%emt 0:00:13]} 21. R3d2 {[%emt 0:00:25]} Nxd2 {[%emt 0:00:06]} 22. Rxd2 {[%emt 0:00:01]} Rcd8 {[%emt 0:00:09]} 23. Rxd8 {[%emt 0:00:19]} Rxd8 {[%emt 0:00:05]} 0-1

[Event "European Online Club-ch-G 2021"]
[Site "Online"]
[Date "2021.03.27"]
[Round "3.5"]
[White "Bartel, Mateusz"]
[Black "Grachev, Boris"]
[Result "1/2-1/2"]
[WhiteElo "2635"]
[BlackElo "2619"]
[Annotator "ChessBase"]
[PlyCount "71"]
[EventDate "2021.03.27"]
[EventType "team-tourn"]
[EventCountry "NET"]
[SourceTitle "playchess.com"]
[Source "ChessBase"]
[SourceQuality "1"]
[TimeControl "900+5"]

1. e4 {[%emt 0:00:00]} e6 {[%emt 0:00:02]} 2. d4 {[%emt 0:00:27]} d5 {[%emt 0:00:02]} 3. e5 {[%emt 0:00:01]} c5 {[%emt 0:00:02]} 4. c3 {[%emt 0:00:02]} Nc6 {[%emt 0:00:02]} 5. Nf3 {[%emt 0:00:03]} Bd7 {[%emt 0:00:01]} 6. Bd3 {[%emt 0:01:22]} cxd4 {[%emt 0:00:10]} 7. cxd4 {[%emt 0:00:01]} Qb6 {[%emt 0:00:03]} 8. Nbd2 {[%emt 0:00:45]} Nb4 {[%emt 0:01:08]} 9. Be2 {[%emt 0:00:10]} Rc8 {[%emt 0:00:21]} 10. O-O {[%emt 0:00:05]} Nh6 {[%emt 0:00:17]} 11. Nb3 {[%emt 0:00:57]} Be7 {[%emt 0:00:10]} 12. Bxh6 {[%emt 0:01:26]} gxh6 {[%emt 0:00:04]} 13. Ne1 {[%emt 0:00:46]} Rg8 {[%emt 0:00:34]} 14. a3 {[%emt 0:00:31]} Nc2 {[%emt 0:00:33]} 15. Nxc2 {[%emt 0:00:05]} Qxb3 {[%emt 0:00:02]} 16. Ne3 {[%emt 0:00:50]} Qxd1 {[%emt 0:00:19]} 17. Rfxd1 {[%emt 0:00:15]} Bg5 {[%emt 0:00:49]} 18. Rac1 {[%emt 0:00:15]} Ke7 {[%emt 0:00:14]} 19. Bd3 {[%emt 0:00:04]} f5 {[%emt 0:00:45]} 20. Rxc8 {[%emt 0:02:30]} Rxc8 {[%emt 0:00:07]} 21. h4 {[%emt 0:00:07]} Bxe3 {[%emt 0:02:19]} 22. fxe3 {[%emt 0:00:00]} Be8 {[%emt 0:00:02]} 23. Kf2 {[%emt 0:00:31]} Bh5 {[%emt 0:00:06]} 24. Rd2 {[%emt 0:00:03]} Be8 {[%emt 0:01:10]} 25. Rc2 {[%emt 0:00:35]} Rxc2+ {[%emt 0:00:04]} 26. Bxc2 {[%emt 0:00:00]} h5 {[%emt 0:00:04]} 27. Ke1 {[%emt 0:00:13]} h6 {[%emt 0:00:08]} 28. Kd2 {[%emt 0:00:05]} Kd8 {[%emt 0:00:04]} 29. Kc3 {[%emt 0:00:04]} Kc7 {[%emt 0:00:08]} 30. Kb4 {[%emt 0:00:34]} b6 {[%emt 0:00:06]} 31. Bd1 {[%emt 0:00:04]} a5+ {[%emt 0:00:04]} 32. Kc3 {[%emt 0:00:02]} Kb7 {[%emt 0:00:10]} 33. Be2 {[%emt 0:00:02]} Kc7 {[%emt 0:00:03]} 34. b4 {[%emt 0:00:11]} Kb7 {[%emt 0:00:10]} 35. Kb3 {[%emt 0:00:02]} Kc7 {[%emt 0:00:03]} 36. Kc3 {[%emt 0:01:12]} 1/2-1/2